Countries With Multiple O’s - Statistics

General Stats
  • This quiz has been taken 29 times
    12 since last reset
  • The average score is 8 of 18
Answer Stats
Country % Correct
Cameroon
70%
Colombia
70%
North Korea
70%
South Korea
70%
Democratic Republic of the Congo
60%
Morocco
60%
Republic of the Congo
60%
Kosovo
50%
Togo
50%
Comoros
40%
Monaco
40%
Solomon Islands
40%
Bosnia and Herzegovina
30%
Lesotho
30%
Montenegro
30%
Moldova
20%
São Tomé and Principe
20%
Ivory Coast
10%
No matching quizzes found
Score Distribution
Percent of People with Each Score
Percentile by Number Answered
Your Score History
You have not taken this quiz since the last reset